Devinette qui-suis-je sur les animaux de la forêt - Statistiques

Statistiques générales
  • Ce quiz a été pris 245 fois
  • Le résultat moyen est 6 sur 6
Statistiques - réponses
Devinettes Réponses % Correct
1/Depuis toujours, je fais peur à l’homme, 2/Je suis parfois garou, 3/Dans les contes, on m’accuse de manger les chevreaux, les petits cochons et même les grands-mères, 4/Je vis en meute, Le loup
100%
1/Je suis un animal sauvage brun, noir et même blanc sur la glace, 2/Mon cousin le plus fameux est un géant, noir et blanc 3/Mes cousins asiatiques sont parfois à lunettes ou des cocotiers, 4/J’hiberne souvent dans des grottes, L'ours
99%
1/Mon vieux nom est goupil, 2/On dit que je suis rusé, 3/Mon pelage est roux, 4/Je ressemble à un chien, Le renard
97%
1/J’ai des bois mais je n’ai pas d’arbre,
2/Je brame ou je rée,
3/Je vis en harde,
4/Avec mes biches et mes faons,
Le cerf
95%
1/Je suis un oiseau nocturne, 2/Je représente souvent la sagesse, 3/Dans Harry Potter, j’apporte le courrier, La chouette ou le hibou
92%
1/En Europe, j’ai disparu à l’état sauvage, 2/On me trouve surtout peint dans les grottes, 3/En Amérique du Nord, Buffalo Bill a chassé jusqu’au dernier de mon troupeau, 4/Je suis une sorte de vache un peu bossue, Le bison
73%
Aucun quiz correspondant
Distribution des résultats
% des personnes avec chaque résultat
Percentile par nombre de réponses
Votre historique - résultats
Vous n’avez pas pris ce quiz